Designing Worlds : National Design Histories in an Age of Globalization.

Bibliographic Details
Main Author: Fallan, Kjetil.
Other Authors: Lees-Maffei, Grace.
Format: eBook
Language:English
Published: New York, NY : Berghahn Books, Incorporated, 2016.
Edition:1st ed.
Series:Making Sense of History Series
Subjects:
Online Access:Click to View
LEADER 02554nam a22004213i 4500
001 EBC31498587
003 MiAaPQ
005 20240729202206.0
006 m o d |
007 cr cnu||||||||
008 240729s2016 xx o ||||0 eng d
020 |a 9781785334467  |q (electronic bk.) 
020 |z 9781785331558 
035 |a (MiAaPQ)EBC31498587 
035 |a (Au-PeEL)EBL31498587 
035 |a (OCoLC)958543209 
040 |a MiAaPQ  |b eng  |e rda  |e pn  |c MiAaPQ  |d MiAaPQ 
050 4 |a NK1525 .D46 2016 
082 0 |a 745.409 
100 1 |a Fallan, Kjetil. 
245 1 0 |a Designing Worlds :  |b National Design Histories in an Age of Globalization. 
250 |a 1st ed. 
264 1 |a New York, NY :  |b Berghahn Books, Incorporated,  |c 2016. 
264 4 |c ©2016. 
300 |a 1 online resource (298 pages) 
336 |a text  |b txt  |2 rdacontent 
337 |a computer  |b c  |2 rdamedia 
338 |a online resource  |b cr  |2 rdacarrier 
490 1 |a Making Sense of History Series ;  |v v.24 
505 0 |a 9781785331565_FChigh -- Blank page -- Blank Page -- 9781785334467_OA -- Designing Worlds -- Contents -- Illustrations -- Introduction National Design Histories in an Age of Globalization -- Chapter 1 Designs on/in Africa -- Chapter 2 Does Southern African Design History Exist? -- Chapter 3 Designing the South African Nation -- Chapter 4 Resisting Global Homogeneity but Craving Global Markets -- Chapter 5 Creativity within a Geographical-National Framework -- Chapter 6 Imagining the Indian Nation -- Chapter 7 Troubled Geography -- Chapter 8 Czech Glass or Bohemian Crystal? -- Chapter 9 The Myth of Danish Design and the Implicit Claims of Labels -- Chapter 10 Altering a Homogenized Heritage -- Chapter 11 A Special Relationship -- Chapter 12 Surveying the Borders -- Chapter 13 An Empire of One's Own -- Chapter 14 The Quest for Modernity -- Chapter 15 Of Coffee, Nature and Exclusion -- Index. 
588 |a Description based on publisher supplied metadata and other sources. 
590 |a Electronic reproduction. Ann Arbor, Michigan : ProQuest Ebook Central, 2024. Available via World Wide Web. Access may be limited to ProQuest Ebook Central affiliated libraries.  
655 4 |a Electronic books. 
700 1 |a Lees-Maffei, Grace. 
776 0 8 |i Print version:  |a Fallan, Kjetil  |t Designing Worlds  |d New York, NY : Berghahn Books, Incorporated,c2016  |z 9781785331558 
797 2 |a ProQuest (Firm) 
830 0 |a Making Sense of History Series 
856 4 0 |u https://ebookcentral.proquest.com/lib/matrademy/detail.action?docID=31498587  |z Click to View